[Event "7th Uppsala Young Champions"]
[Site "Uppsala"]
[Date "2020.10.28"]
[Round "8.13"]
[White "Trost, Edvin"]
[Black "Kruckenhauser, Arthur"]
[Result "0-1"]
[WhiteElo "2202"]
[BlackElo "2301"]
[Annotator "TA"]
[PlyCount "144"]
[EventDate "2020.10.23"]
[EventType "swiss"]
[EventCountry "SWE"]
[SourceTitle "playchess.com"]
[Source "ChessBase"]
[SourceQuality "1"]

{[%evp 12,144,3,-11,26,26,20,14,26,20,24,21,23,24,19,27,38,35,31,35,49,29,53,32,47,40,58,27,33,3,77,22,22,12,39,13,12,14,34,25,38,11,18,-20,-3,-2,0,-72,-72,-70,-62,-71,-66,-63,-57,-89,-55,-97,-106,-108,-109,-109,-119,-112,-100,-109,-89,-68,-78,-83,-81,-157,-126,-158,-77,-151,-141,-210,-132,-193,-54,-64,-59,-116,-107,-156,-62,-175,-175,-175,-175,-175,-175,-175,-175,-175,-11,-62,-10,-9,-8,-16,-8,-17,-8,-8,0,0,0,0,0,0,0,-8,0,0,8,0,0,0,0,0,0,-29972,-29974,-29982,-29983,-29981,-29982,-29982,-29983,-29985,-29986,-29991,-29982]} 1. d4 Nf6 2. c4 a6 3. Nc3 c5 4. Nf3 cxd4 5. Nxd4 Qc7 6. Qd3 e6 7. g3 b6 {A32: Symmetrical English: 2 Nf3 Nf6 3 d4 cxd4 4 Nxd4 e6.} 8. Bg2 Bb7 $1 {[%cal Rb7g2]} 9. O-O Bxg2 {The position is equal.} 10. Kxg2 Nc6 11. b3 Rc8 12. Bb2 Nxd4 13. Qxd4 Bc5 14. Qd3 Qb7+ 15. Qf3 Qxf3+ 16. Kxf3 Rc6 17. Rfd1 Ke7 18. e4 Rb8 19. e5 Ne8 20. a3 {Threatens to win with b4.} Kd8 (20... b5 $11) 21. Ne4 (21. Rd2 $16) 21... Be7 $11 22. Rd2 Rb7 23. Bd4 f5 24. exf6 Bxf6 (24... gxf6 {seems wilder.} 25. a4 b5 26. axb5 axb5 27. Rda2 f5) 25. Nxf6 gxf6 26. g4 Ke7 27. Bc3 d6 28. Rd3 e5 29. Ke3 (29. Bd2 $11) 29... b5 $17 30. cxb5 Rxb5 31. Bd2 Ke6 32. f4 d5 33. f5+ Kf7 34. Rc1 d4+ 35. Ke2 Rxc1 36. Bxc1 {[%mdl 4096] Endgame KRB-KRN} Rb7 37. b4 Ke7 38. Bb2 Kd6 39. Bxd4 exd4 40. Rxd4+ {KRN-KR} Ke5 41. Rd8 ({Better is} 41. Rc4) 41... Re7 42. Kf3 Nc7 (42... Nd6 $142 43. Ra8 Rc7 44. Rxa6 Rc3+ 45. Kf2 Ne4+ 46. Ke2 Rh3) 43. Kg3 (43. h4 $142) 43... Nb5 44. a4 (44. Ra8 $17 {is a better defense.}) 44... Nc3 45. Ra8 (45. Kf3 $17) 45... Nxa4 (45... Rb7 $19 46. Re8+ Kd4) 46. Rxa6 $15 Nc3 47. h3 ({White should play} 47. Kh4 $15) 47... Ne4+ $1 $17 48. Kh4 {[#]} Ng5 (48... Rd7 $1 $17 {[%cal Rd7d3] ...Rd3 is the strong threat.} 49. Ra3 Rb7) 49. Ra5+ (49. Ra3 $15) 49... Kf4 $19 50. Ra3 Re1 {Strongly threatening ...Rh1.} 51. b5 Rh1 {And now ...Nf3+ would win.} 52. Ra4+ Ke5 {[%csl Gg5][%cal Rh1h3]} 53. Ra3 {intending Rb3.} Kd6 $2 (53... Rb1 $19 {White must now prevent ...Kf4.} 54. Kh5 Rxb5) 54. Ra6+ (54. Rb3 $11 Kc7 55. Rc3+ Kb8 56. Ra3) 54... Ke7 ({Black should try} 54... Kd5 $1 $15 55. Rxf6 Nxh3) 55. Ra3 $11 Kd7 56. Rc3 Rb1 {Hoping for ...Kd6.} 57. Kh5 Nf7 58. Rc6 Ke7 59. b6 Rb3 {[%cal Rb3h3]} 60. h4 Ne5 61. Rc7+ Nd7 62. Rc6 Rb4 63. g5 Ne5 64. Re6+ Kf7 65. Rxf6+ Kg7 {( -> ...Nf3)} 66. Rd6 $1 Nf3 {[%csl Gf3][%cal Rb4h4]} 67. Rd7+ $2 {[%mdl 8192] [#]} (67. f6+ $11 Kf7 68. Rd7+ Kg8 69. Rd8+ Kf7 70. Rd7+ Kg8 71. Rd8+ Kf7 72. Rd7+) 67... Kf8 $1 {[%csl Gf3][%cal Rb4h4] Black mates.} 68. Rd8+ {[#]} Ke7 $1 {[%csl Gf3][%cal Rb4h4]} 69. Kh6 Rxh4+ 70. Kg7 Kxd8 71. g6 hxg6 72. fxg6 Ne5 {Av CentiPawn Loss W=-32/B=-16. Weighted=-57/-20} 0-1

[Event "7th Uppsala Young Champions"]
[Site "Uppsala"]
[Date "2020.10.28"]
[Round "8.14"]
[White "Seo, Jung Hyun"]
[Black "Stalmach, Richard"]
[Result "0-1"]
[WhiteElo "1936"]
[BlackElo "2296"]
[Annotator "TA"]
[PlyCount "96"]
[EventDate "2020.10.23"]
[EventType "swiss"]
[EventCountry "SWE"]
[SourceTitle "playchess.com"]
[Source "ChessBase"]
[SourceQuality "1"]

{[%evp 20,96,25,27,61,0,64,52,47,52,45,0,119,175,159,141,98,114,109,0,0,-43,0,-152,-139,-217,-192,-198,-168,-509,-485,-459,-264,-265,-269,-264,-268,-242,-234,-241,-213,-278,-286,-1357,-1373,-1246,-963,-959,-955,-929,-937,-889,-906,-1029,-1028,-29990,-29988,-29989,-29990,-29990,-29991,-29991,-29990,-29990,-29991,-29993,-29992,-29992,-29992,-29992,-29993,-29993,-29994,-29994,-29995,-29997,-29998,-29998,-29999]} 1. e4 c5 2. Nf3 e6 3. d4 cxd4 4. Nxd4 Nc6 5. Nc3 Nf6 6. Nxc6 bxc6 7. e5 Nd5 8. Ne4 Qc7 9. f4 Qa5+ 10. Bd2 Qb6 11. Bd3 Qxb2 {B45: Sicilian Four Knights.} 12. O-O (12. Rb1 $14 Qa3 13. Qe2) 12... Ba6 (12... Qd4+ $11 13. Kh1 Ba6) 13. Bxa6 $14 Qb6+ {[%mdl 64] Double Attack. White is slightly better.} 14. Kh1 {Qe2 is the strong threat.} Qxa6 15. Qf3 f5 (15... Be7 $11 {keeps the balance.}) 16. exf6 $1 $16 gxf6 17. Qh5+ Kd8 18. f5 {[%mdl 1024] Threatens to win with fxe6. White has strong compensation.} e5 {[#]} 19. Rab1 (19. Rac1 $1 $16) 19... Be7 $11 ({Much worse is} 19... Qxa2 20. Qe2 $14) 20. Qf7 Kc7 {aiming for ...Raf8.} (20... Rf8 $5 {[%cal Rf8f7]} 21. Qxh7 Kc7 $15) 21. c4 $2 {Black continues to play with concentration.} (21. Nc3 $1 $11 Nxc3 22. Bxc3) 21... Raf8 $17 22. Qg7 {[#]} (22. Qh5 $17 Qxc4 23. Rfe1) 22... Rhg8 $1 $19 {[%cal Rg8g7]} ({Weaker is} 22... Qxc4 23. Ba5+ Kc8 24. Rfe1 $11) 23. Qxh7 Qxc4 24. Ba5+ $2 (24. Rfe1 Qa4 25. Qh5) 24... Kc8 25. Qh4 Nf4 (25... Ne3 $142 26. Rf2 d5) 26. Rxf4 {Hoping for Nd6+!} Qxa2 {[%csl Gg8][%cal Ra2g2][%mdl 64] Double Attack} 27. Nd2 Qxa5 28. Rf2 Bc5 29. Re2 d5 30. Rc1 Rh8 31. Nb3 $2 {[#]} (31. Qe1) 31... Qb5 $1 32. Qg3 Qxe2 33. Nxc5 Rfg8 34. Qf3 Qxf3 35. gxf3 {[%mdl 4096] Endgame KRR-KRN} Rh4 36. f4 Rxf4 37. Ne4 Rxe4 {Black mates.} 38. Rxc6+ Kd7 {[%cal Re4e1]} 39. Rc1 d4 40. h3 Re2 41. Rd1 Kd6 42. Rd3 Kd5 43. Rd1 e4 44. Ra1 e3 45. Rd1 Ke4 46. h4 Rf2 47. h5 Rf4 {[%cal Rf4h4]} 48. Rd2 exd2 {Av CentiPawn Loss W=-115/B=-27. Weighted=-174/-30} 0-1

[Event "7th Uppsala Young Champions"]
[Site "Uppsala"]
[Date "2020.10.28"]
[Round "8.15"]
[White "Crevatin, Leo"]
[Black "Olsson, William"]
[Result "1/2-1/2"]
[WhiteElo "2181"]
[BlackElo "2192"]
[Annotator "TA"]
[PlyCount "67"]
[EventDate "2020.10.23"]
[EventType "swiss"]
[EventCountry "SWE"]
[SourceTitle "playchess.com"]
[Source "ChessBase"]
[SourceQuality "1"]

{[%evp 14,67,0,-31,0,0,4,0,25,-56,-57,-71,56,-112,7,17,28,43,38,52,127,5,13,21,19,6,8,-60,-59,-83,0,0,25,62,73,83,78,77,79,81,49,52,79,72,94,43,49,43,193,0,0,0,0,0,0,0]} 1. d4 d5 2. c4 c6 3. Nc3 e6 4. e3 Nf6 5. Nf3 Nbd7 6. Qc2 Bd6 7. g4 h6 8. Rg1 dxc4 {D45: Semi-Slav: 5 e3.} 9. Bxc4 b5 10. Bd3 Bb7 11. Bd2 (11. e4 $1 $11) 11... Rc8 $15 12. g5 Nd5 ({Black should play} 12... hxg5 $17 {White must now prevent ...g4.} 13. Nxg5 Bxh2) 13. g6 $2 {[#]} (13. Ne4 $14 Be7 14. gxh6 gxh6 15. a3) 13... f6 (13... O-O $1 $17 14. h4 Qe7) 14. Ne4 $36 {[%mdl 2048] White fights for an advantage.} Be7 15. Nc5 Bxc5 16. dxc5 Qe7 (16... f5 $14) 17. b4 (17. e4 $16) 17... a5 18. a3 f5 19. Bc3 O-O 20. Rd1 (20. Qb2 $1 $11) 20... axb4 $15 21. axb4 {[#]} Ra8 (21... e5 $1 $17 {[%cal Re5e4] Strongly threatening ...e4.} 22. Bxf5 Rxf5 23. Qxf5 Rf8) 22. Qb2 $1 $11 Ra7 23. Bc2 Rfa8 {Threatens to win with ...Ra2.} 24. Bb3 Ra3 25. Kf1 Bc8 26. Kg2 N7f6 27. Ra1 R3a7 28. Bxf6 gxf6 29. Rxa7 (29. Rad1 $16) 29... Rxa7 $14 30. Nd4 {Bxd5 is the strong threat.} Bd7 ({Black should try} 30... Qd7 $1 $14) 31. Bxd5 $2 (31. Kh1 $18) 31... exd5 $11 {The position is equal.} 32. Ra1 Rxa1 33. Qxa1 Qe8 34. Qa7 {Av CentiPawn Loss W=-24/B=-26. Weighted=-32/-31} 1/2-1/2

[Event "7th Uppsala Young Champions"]
[Site "Uppsala"]
[Date "2020.10.28"]
[Round "8.17"]
[White "Brozka, Karel"]
[Black "Ruzic, Pia Marie"]
[Result "1/2-1/2"]
[WhiteElo "2216"]
[BlackElo "1929"]
[Annotator "TA"]
[PlyCount "92"]
[EventDate "2020.10.23"]
[EventType "swiss"]
[EventCountry "SWE"]
[SourceTitle "playchess.com"]
[Source "ChessBase"]
[SourceQuality "1"]

{[%evp 20,92,-4,0,38,2,43,37,43,41,47,38,43,32,83,65,123,125,146,21,4,-4,12,-39,-46,-39,55,-55,-51,-82,0,0,0,0,71,76,50,0,-8,-102,-83,-81,0,0,18,0,0,-33,-40,-66,0,0,0,-80,-77,-85,0,-43,0,0,0,0,0,0,0,0,0,0,0,0,0,0,0,0,0]} 1. d4 Nf6 2. c4 g6 3. Nc3 Bg7 4. e4 d6 5. f3 O-O 6. Be3 c5 7. d5 e6 8. Qd2 exd5 9. cxd5 Nbd7 10. Nge2 Ne5 11. Ng3 a6 {E81: King's Indian: Sämisch: 6th move deviations (including 6 Be3 c6).} 12. a4 Bd7 13. h3 b5 {White is slightly better.} 14. f4 Nc4 15. Bxc4 $1 bxc4 16. O-O Re8 ({Black should play} 16... Ne8 $14) 17. Rae1 h5 (17... Nh5 $14 18. Nxh5 gxh5) 18. e5 $1 $16 {[%cal Re5f6]} dxe5 19. fxe5 (19. f5 $1 $16) 19... Rxe5 $11 20. Bg5 Qe8 21. Bf4 (21. Qf2 $11 Nh7 22. Rxe5 Bxe5 23. Be3) 21... Rxe1 $15 22. Rxe1 Qc8 (22... Qf8 $15) 23. Qe2 (23. Be5 $14) 23... h4 $36 {[%mdl 2048] Black is more active.} 24. Nge4 Nh5 (24... Nxe4 $17 25. Qxe4 Qb7) 25. Be3 $11 Rb8 26. Qf2 {With the idea Nd6.} f5 (26... Bf5 $11 {keeps the balance.}) 27. Nxc5 $16 f4 28. Bd4 (28. Bc1 $14) 28... Rxb2 $1 $11 29. Re2 (29. Ne2 $1 $11 c3 30. Bxg7 Nxg7 31. Ne4) 29... Rxe2 $17 30. Nxe2 f3 (30... Ng3 $1 $17 {[%cal Rg3e2]} 31. Nc3 (31. Nxf4 $2 Qb8 $19) 31... Qf8) 31. gxf3 $11 Bxh3 32. Bxg7 Nxg7 33. Nf4 Bf5 {Hoping for ...c3.} 34. Qd4 $1 g5 (34... Qe8 $15 35. Ng2 h3) 35. Ne2 Qe8 36. Ne4 {[#]} (36. Kf2 $11) 36... Bxe4 $1 $17 (36... Qxa4 37. d6 $11) 37. fxe4 {[#]} Qc8 ({Of course not} 37... Qxa4 $6 38. d6 $11) ({Black should try} 37... Qh5 $1 $17 {[%cal Rh5e2]} 38. Qxc4 Qf3 39. d6+ Kh7) 38. e5 c3 39. Nxc3 {The position is equal.} Nf5 40. Qb4 h3 41. e6 Qc7 {( -> ...Qg3+)} 42. Qg4 $1 {[%cal Rg4g5][%mdl 64] Double Attack} Qxc3 43. Qxf5 {Strongly threatening Qf7+.} Qg3+ 44. Kf1 Qg2+ (44... h2 $5 45. Qg6+ $8 Kh8 46. Qh6+ Kg8 47. Qg6+ Kh8 48. Qh6+ Kg8 49. Qg6+ $11) 45. Ke1 h2 46. Qg6+ Kh8 {Av CentiPawn Loss W=-23/B=-20. Weighted=-25/-19} 1/2-1/2

[Event "7th Uppsala Young Champions"]
[Site "Uppsala"]
[Date "2020.10.28"]
[Round "8.18"]
[White "Muntean, Victor"]
[Black "Grahn, Vidar"]
[Result "1/2-1/2"]
[WhiteElo "1968"]
[BlackElo "1864"]
[Annotator "TA"]
[PlyCount "108"]
[EventDate "2020.10.23"]
[EventType "swiss"]
[EventCountry "SWE"]
[SourceTitle "playchess.com"]
[Source "ChessBase"]
[SourceQuality "1"]

{[%evp 13,108,0,9,-79,-72,-114,-62,-70,0,28,17,-266,-272,-264,-270,-277,-267,-310,-316,-317,-310,-302,-291,-302,-296,-323,-262,-269,-266,-270,-261,-310,-295,-439,-433,-424,-319,-335,-289,-345,-338,-335,-330,-307,-289,-281,-286,-292,-201,-218,-219,-273,-273,-274,-228,-547,-550,-541,-539,-672,-624,-593,-537,-12545,-11560,-12545,-10303,-6571,-5424,-5377,-5073,-29955,-29956,-29955,-29955,-29952,-5417,-5102,0,0,0,-8,-8,-8,-8,-8,-8,-8,-8,-8,-8,-8,0,-8,0,-8,0]} 1. e4 e5 2. f4 d5 3. exd5 e4 4. d3 Nf6 5. Nc3 Bb4 6. Bd2 e3 7. Bxe3 O-O 8. Qf3 {C32: Falkbeer Counter Gambit: 3 exd5 e4 4 d3 Nf6.} (8. Bd2 $11 {keeps the balance.}) 8... Re8 $17 9. Be2 Bg4 ({Better is} 9... c6 $1 $17 {[%cal Rf6d5]} 10. d6 Nd5) 10. Qg3 $1 $15 {Black is slightly better.} Bxe2 (10... Bxc3+ $15 11. bxc3 Bxe2 12. Nxe2 Qe7) 11. Ngxe2 $11 Qe7 12. Kf2 $2 {[%mdl 8192] [#]} (12. Kd2 $1 $11) 12... Qxe3+ $1 $19 {[%mdl 576] Deflection, Decoy} 13. Qxe3 Ng4+ {[%mdl 64] Double Attack} 14. Kf3 Nxe3 {[#]} 15. Nd4 $146 ({Predecessor:} 15. Ne4 Nxd5 16. c4 Nf6 17. Nxf6+ gxf6 18. d4 Nd7 {0-1 (18) Rohde,M (2380)-Brasket,C New York 1977}) 15... Bxc3 16. bxc3 {Black must now prevent Rhe1.} Nxd5 17. c4 Nf6 18. Rab1 b6 19. g4 a5 20. g5 Nfd7 21. Rhe1 Na6 22. Nc6 Kf8 23. d4 (23. a3 {might work better.}) 23... Rxe1 24. Rxe1 Re8 25. Rb1 Nab8 26. Ne5 Nxe5+ 27. fxe5 {[%mdl 4096] Endgame KRN-KR} Nd7 28. Ke4 c5 29. c3 f6 30. Rf1 Kg8 {[%cal Rf6e5]} 31. gxf6 gxf6 32. Rg1+ Kf7 {[%cal Rf6e5]} 33. Kd5 Re6 34. Rg7+ $2 (34. Rf1 {was the crucial defense.}) 34... Kxg7 35. Kxe6 fxe5 36. dxe5 {KN-KP} Nf8+ 37. Kd6 Kf7 38. Kc6 Ke6 39. Kxb6 Nd7+ 40. Kxa5 Kxe5 41. Kb5 {[#]} Kd6 $1 {[%cal Rd6c7]} 42. a4 Kc7 43. a5 h5 44. a6 {[#]} h4 $1 {[%cal Rh4h3]} 45. h3 Nf6 $2 ({Black should try} 45... Kb8 $19 46. Kc6 Nf6 47. Kxc5 Ne4+ 48. Kd4 Ng5) 46. Kxc5 $11 {The position is equal.} Ne4+ 47. Kd4 Ng5 48. c5 Nxh3 {...Nf4 is the strong threat. KN-K3P} 49. Ke3 Ng5 (49... Kb8 $5 50. c6 $8 Ng1 $11) 50. Kf4 h3 {Strongly threatening ...h2.} 51. Kg3 $1 Kc6 52. Kh2 Kc7 53. Kg3 Kc6 54. Kh2 Kc7 {And White is the lucky defender. Av CentiPawn Loss W=-2/B=-132. Weighted=-16/-123} 1/2-1/2

[Event "7th Uppsala Young Champions"]
[Site "Uppsala"]
[Date "2020.10.28"]
[Round "8.19"]
[White "Buchert, Matthaus"]
[Black "Ostlund, Joar"]
[Result "0-1"]
[WhiteElo "1427"]
[BlackElo "2106"]
[Annotator "TA"]
[PlyCount "52"]
[EventDate "2020.10.23"]
[EventType "swiss"]
[EventCountry "SWE"]
[SourceTitle "playchess.com"]
[Source "ChessBase"]
[SourceQuality "1"]

{[%evp 11,51,-32,-22,-79,-86,-83,-83,-83,-69,-90,-90,-101,-94,-101,-91,-81,-95,-103,-79,-164,-99,-108,-95,-149,-142,-234,-225,-481,-478,-635,-633,-625,-629,-623,-618,-1653,-1629,-29981,-29982,-29984,-29981,-29999]} 1. e4 e5 2. Nf3 Nc6 3. Bc4 Bc5 4. b4 Bxb4 5. c3 Ba5 6. d4 d6 7. d5 {C52: Evans Gambit Accepted: 5 c3 Ba5.} (7. Qb3 $11 {keeps the balance.}) 7... Nce7 8. Qa4+ c6 9. dxc6 {Black is better.} Nxc6 10. Qb3 Qe7 11. Ng5 {[%cal Rc4f7]} Nh6 12. O-O Bb6 13. Bd5 O-O 14. h3 Kh8 15. Kh2 (15. Na3 $17) 15... f6 (15... f5 $19 16. Na3 f4) 16. Nf3 $17 Nf7 17. Nh4 (17. c4 $142) 17... g6 18. f4 (18. Qb5 $17 {might work better.}) 18... exf4 $19 {And now ...f5 would win.} 19. Rxf4 $2 (19. Nd2) 19... g5 20. Nf5 Qe5 {[%mdl 64] [#] Pin} 21. g3 gxf4 22. Bxf4 Qe8 {White must now prevent ...Bxf5.} 23. Nh6 Nxh6 24. Bxh6 {[#]} Qh5 $1 {[%csl Gc8][%cal Rh5h3][%mdl 576] Double Attack. Black mates.} 25. Bg7+ Kxg7 {[%csl Gc8][%cal Rh5h3]} 26. Bg8 Qxh3# {Av CentiPawn Loss W=-102/B=-8. Weighted=-79/-11} 0-1

[Event "7th Uppsala Young Champions"]
[Site "Uppsala"]
[Date "2020.10.28"]
[Round "8.20"]
[White "Skahlberg Bjerknes-Lima de Far, Warg"]
[Black "Ostensson, Julia"]
[Result "1-0"]
[WhiteElo "1759"]
[BlackElo "1562"]
[Annotator "NA RC"]
[PlyCount "87"]
[EventDate "2020.10.23"]
[EventType "swiss"]
[EventCountry "SWE"]
[SourceTitle "playchess.com"]
[Source "ChessBase"]
[SourceQuality "1"]
[TimeControl "5400+30"]

1. c4 {[%emt 0:00:00]} g6 {[%emt 0:00:00]} 2. g3 {[%emt 0:00:00]} Nf6 {[%emt 0:00:10]} 3. Bg2 {[%emt 0:00:26]} Bg7 {[%emt 0:00:06]} 4. Nc3 {[%emt 0:02:24]} O-O {[%emt 0:00:15]} 5. e3 {[%emt 0:03:23]} e5 {[%emt 0:01:55]} 6. Nge2 {[%emt 0:01:19]} d6 {[%emt 0:02:17]} 7. O-O {[%emt 0:03:22]} Nc6 {[%emt 0:01:28]} 8. d4 {[%emt 0:02:45]} Nh5 {[%emt 0:07:40]} 9. b3 {[%emt 0:06:18]} f5 {[%emt 0:01:27]} 10. dxe5 {[%emt 0:07:02]} dxe5 {[%emt 0:07:30]} 11. Bd5+ {[%emt 0:16:00]} Kh8 {[%emt 0:00:36]} 12. Ba3 {[%emt 0:00:28]} Ne7 {[%emt 0:20:34]} 13. Bg2 {[%emt 0:06:02]} Bd7 {[%emt 0:26:02]} 14. Nd5 {[%emt 0:05:12]} Rf7 {[%emt 0:07:13]} 15. Bxe7 {[%emt 0:07:17]} Rxe7 {[%emt 0:00:07]} 16. Nxe7 {[%emt 0:00:02]} Qxe7 {[%emt 0:00:08]} 17. Bxb7 {[%emt 0:02:27]} Rf8 {[%emt 0:00:07]} 18. Bh1 {[%emt 0:10:01]} f4 {[%emt 0:00:18]} 19. exf4 {[%emt 0:03:10]} exf4 {[%emt 0:00:13]} 20. Rc1 {[%emt 0:00:50]} Bh3 {[%emt 0:04:43]} 21. Re1 {[%emt 0:02:20]} Qg5 {[%emt 0:10:38]} 22. Qd3 {[%emt 0:13:31]} Be5 {[%emt 0:01:28]} 23. Nc3 {[%emt 0:04:05]} fxg3 {[%emt 0:05:55]} 24. hxg3 {[%emt 0:00:02]} Qf6 {[%emt 0:00:37]} 25. Ne4 {[%emt 0:01:28]} Qb6 {[%emt 0:00:14]} 26. c5 {[%emt 0:02:19]} Qa5 {[%emt 0:00:43]} 27. Ng5 {[%emt 0:00:40]} Bf5 {[%emt 0:00:33]} 28. Qd5 {[%emt 0:00:35]} Bf6 {[%emt 0:00:29]} 29. Ne4 {[%emt 0:00:30]} Rd8 {[%emt 0:00:30]} 30. Qc4 {[%emt 0:00:31]} Bg7 {[%emt 0:00:31]} 31. b4 {[%emt 0:00:26]} Qa3 {[%emt 0:00:30]} 32. Re3 {[%emt 0:00:24]} Qb2 {[%emt 0:00:24]} 33. Ng5 {[%emt 0:00:25]} Rf8 {[%emt 0:00:37]} 34. Rce1 {[%emt 0:00:35]} Qf6 {[%emt 0:00:13]} 35. Nf3 {[%emt 0:00:39]} Bg4 {[%emt 0:00:43]} 36. Qxg4 {[%emt 0:00:28]} Bh6 {[%emt 0:00:25]} 37. Re6 {[%emt 0:00:22]} Qc3 {[%emt 0:00:38]} 38. Qd4+ {[%emt 0:00:27]} Qxd4 {[%emt 0:00:12]} 39. Nxd4 {[%emt 0:00:02]} Bd2 {[%emt 0:00:31]} 40. R1e2 {[%emt 0:00:34]} Bxb4 {[%emt 0:00:09]} 41. Re8 {[%emt 0:00:22]} Bxc5 {[%emt 0:00:28]} 42. Rxf8+ {[%emt 0:00:16]} Bxf8 {[%emt 0:00:05]} 43. Re8 {[%emt 0:00:29]} Kg7 {[%emt 0:00:10]} 44. Ne6+ {[%emt 0:00:31]} 1-0

[Event "7th Uppsala Young Champions"]
[Site "Uppsala"]
[Date "2020.10.28"]
[Round "9.1"]
[White "Van Dael, Siem"]
[Black "Seo, Jung Min"]
[Result "1/2-1/2"]
[WhiteElo "2285"]
[BlackElo "2455"]
[Annotator "TA"]
[PlyCount "166"]
[EventDate "2020.10.23"]
[EventType "swiss"]
[EventCountry "SWE"]
[SourceTitle "playchess.com"]
[Source "ChessBase"]
[SourceQuality "1"]

{[%evp 9,166,0,-3,-14,0,-16,-16,-33,8,8,0,0,7,-14,0,0,0,0,0,0,0,-84,-85,-85,-87,-87,-98,-110,-71,-73,-76,-70,-67,-73,-50,-51,-35,-122,-100,-191,-135,-140,-89,-104,-101,-101,-67,-78,-77,-78,0,-72,4,-84,-34,-80,-79,-127,-121,-120,-120,-109,-82,-81,-100,-154,-168,-147,-96,-71,-83,-81,-89,-144,-160,-250,0,-29,-37,-22,0,0,0,0,0,0,0,-11,0,-21,0,-44,-40,-73,-70,-85,-74,-80,-82,-75,-65,-138,-135,-87,-100,-257,-237,-483,-8,-8,0,0,0,0,0,-5,0,0,0,0,0,0,0,0,0,0,0,-103,12846,-103,-103,-103,-103,-103,-103,-103,-103,-103,0,0,0,0,0,0,0,0,0,0,0,-28000,-28000,-28000,-28000,-28000,-28000,-28000,-28000,-28000,-28000]} 1. g3 g6 2. Bg2 Bg7 3. Na3 d5 {[#]} 4. d3 $146 ({Predecessor:} 4. c3 Nf6 5. Nf3 O-O 6. d3 c5 7. O-O Nc6 8. Bg5 h6 9. Bxf6 Bxf6 10. Nd2 e5 {1-0 (36) Yin,S (1932)-Schmidt,M (1803) Willingen 2009}) 4... Nf6 5. Nf3 O-O 6. O-O {A00: Irregular Openings.} c5 7. Bf4 Nc6 8. Ne5 {The position is equal.} Qb6 9. Nxc6 bxc6 10. Be5 Bh6 11. Rb1 Be6 12. c4 d4 13. Bxf6 exf6 14. Qa4 Rfc8 15. Bf3 (15. b4 $1 $11) 15... a5 $17 16. Nc2 f5 17. e3 dxe3 18. fxe3 Bg7 19. Rfd1 Qc7 20. Qa3 Bf8 21. Qc3 h5 22. d4 cxd4 23. exd4 ({White should try} 23. Nxd4 $15 Bd7 24. Rd3) 23... f4 24. Be4 (24. gxf4 $17 {might work better.} Qxf4 25. Rf1) 24... Rab8 (24... fxg3 $19 25. hxg3 Bd6) 25. b3 Bg7 (25... Re8 $142 26. Re1 c5) 26. Rf1 fxg3 27. Qxg3 Qd7 28. Rbd1 Bg4 29. Bf3 Bh3 {[#]} (29... Re8 $17) 30. Bg2 (30. Bxc6 $1 $11 {[%mdl 512] keeps the balance.} Rxc6 31. Qxb8+ Rc8 32. Qf4) 30... Bf5 (30... Bxg2 $1 $17 31. Kxg2 Re8) 31. Rf2 (31. Ne3 $1 $11 Bg4 32. Nxg4 Qxg4 33. Qf2) 31... Be6 32. Kh1 {[#]} a4 $1 {[%mdl 512]} 33. d5 (33. bxa4 Bxc4) 33... cxd5 34. Bxd5 axb3 35. axb3 Bxd5+ 36. Rxd5 Qb7 37. Rf3 (37. Qf3 $142) 37... Ra8 38. Rf2 Rc7 (38... Ra5 $142 $1 {[%cal Ra5d5]} 39. Qf3 Rxd5 40. Qxd5 Qxb3 41. Rxf7 Qxc4 42. Qxc4 Rxc4) 39. Qf3 Rb8 40. Rd3 Qa7 41. Ne3 ({White should play} 41. Rf1) 41... Rcb7 $1 {[%cal Rb7b3]} 42. Nd5 {[#]} (42. Qd1 $17) 42... Qc5 $2 (42... Rxb3 $1 $19 {[%mdl 512]} 43. Kg2 (43. Rxb3 Rxb3) 43... Rxd3 44. Qxd3 Rb2 45. Rxb2 Bxb2) 43. Nf6+ Bxf6 $1 44. Qxf6 Qc7 45. Rfd2 Rf8 46. Rd8 {White wants to mate with Rxf8+.} Rb8 $1 {[%cal Rf8d8]} 47. R8d7 Qc8 48. Qf3 Qa6 49. Kg2 Qa3 50. R2d3 Qb2+ 51. Kh3 Rb6 52. R7d6 Rxd6 53. Rxd6 {[%mdl 4096] Endgame KQR-KQR} Rb8 54. Rd3 Rb6 55. Qe3 ({Better is} 55. Qg3 $15) 55... Re6 $1 {[%cal Re6e3]} 56. Qf4 Qe2 57. Qf3 $2 (57. Rg3 $17 {was necessary.}) 57... Qe5 $1 $19 58. Rd5 $2 (58. Qd1 {keeps fighting.}) 58... Qe1 $2 (58... Qb2 $19 59. Rd8+ (59. Rd7 $2 Rf6 $19) 59... Kg7) 59. Rd1 $1 $132 {[%cal Rd1e1][%mdl 2048] [#] White puts up resistance} ({Avoid the trap} 59. Rd7 $2 Re3 $1 $19 {[%mdl 512]}) 59... Re3 $1 {[%mdl 512]} 60. Rxe1 Rxf3+ {KR-KR} 61. Kg2 $1 {[%cal Rg2f3]} Rxb3 {White must now prevent ...Rc3.} 62. Rc1 $1 Kf8 63. c5 Rb2+ 64. Kg3 Ke7 65. c6 {c7 is the strong threat.} Rb8 66. Kf4 Kd6 67. Kg5 Rb5+ 68. Kf6 (68. Kh6 $11 {remains equal.} Kc7 69. Rf1) 68... Rf5+ $17 69. Kg7 Kc7 70. Rc4 g5 $1 71. h3 Rf4 72. Rc5 {[#]} f6 $1 73. Kg6 {[#]} Rf3 (73... h4 $1 $17 74. Rc3 Rf1) 74. h4 $11 gxh4 {Threatens to win with ...h3.} 75. Kxh5 h3 {And now ...h2 would win.} 76. Kg4 h2 77. Rh5 Rf2 78. Kg3 {[%mdl 64] Double Attack} Rc2 $2 {[%mdl 8192]} (78... h1=R $11 79. Rxh1 Re2) 79. Rxh2 Rxh2 {Mate.} 80. Kxh2 Kxc6 81. Kg3 Kd5 {( -> ...Ke4)} 82. Kf4 f5 83. Kxf5 Kd4 {[%mdl 32768] A wild game. Av CentiPawn Loss W=-44/B=344. Weighted=-34/319. An unexpected result.} 1/2-1/2